[Event "Queima das Fitas op"]
[Site "Coimbra"]
[Date "2022.04.25"]
[Round "6"]
[White "Sousa, Joao Francisco Silv"]
[Black "Pacetti Terra, Nicolas"]
[Result "1-0"]
[WhiteElo "1978"]
[BlackElo "1746"]
[PlyCount "73"]
[EventDate "2022.04.23"]
[EventType "swiss"]
[EventRounds "7"]
[EventCountry "POR"]
[SourceTitle "EXT 2023"]
[Source "ChessBase"]
[SourceDate "2022.10.05"]
[SourceVersion "1"]
[SourceVersionDate "2022.10.05"]
[SourceQuality "1"]

1. d4 Nf6 2. Nf3 e6 3. g3 d5 4. Bg2 Be7 5. c4 0-0 6. 0-0 Nbd7 7. Qc2 c6 8. Nbd2 b6 9. e4 dxe4 10. Nxe4 Nxe4 11. Qxe4 Nf6 12. Qxc6 Bd7 13. Qb7 Rb8 14. Qa6 Bc6 15. Bf4 Bd6 16. Ne5 Bxg2 17. Kxg2 Qc7 18. Rfe1 Rbc8 19. Rac1 Nh5 20. Bd2 Rfd8 21. c5 Be7 22. cxb6 Qxb6 23. Qxb6 axb6 24. Nc6 Rxc6 25. Rxc6 Rxd4 26. Rc8+ Rd8 27. Rec1 Kf8 28. Bb4 Ke8 29. Bxe7 Kxe7 30. Rxd8 Kxd8 31. Rc6 Kd7 32. Rxb6 Kc7 33. Rb3 f5 34. a4 Nf6 35. a5 Nd7 36. a6 Nc5 37. Rc3 1-0